Sobre modelos de los nervios, el cerebro y la memoria / (Record no. 109709)

MARC details
000 -LEADER
campo de control de longitud fija 00672nam a2200193 4500
001 - NÚMERO DE CONTROL
campo de control 109709
003 - IDENTIFICADOR DE NÚMERO DE CONTROL
campo de control ES-MaACL
005 - FECHA Y HORA DE LA ÚLTIMA TRANSACCIÓN
campo de control 20250910213918.0
007 - CAMPO FIJO DE DESCRIPCIÓN FÍSICA--INFORMACIÓN GENERAL
campo de control de longitud fija t|
008 - DATOS DE LONGITUD FIJA--INFORMACIÓN GENERAL
campo de control de longitud fija 061121s1969 sp r ||||1| spa d
245 00 - MENCIÓN DEL TÍTULO
Título Sobre modelos de los nervios, el cerebro y la memoria /
Mención de responsabilidad, etc. Introducción y preparación por N. Wiener y J. P. Schadé; [Traducción de Víctor Sánchez de Zavala].
260 ## - PUBLICACIÓN, DISTRIBUCIÓN, ETC.
Lugar de publicación, distribución, etc. Madrid :
Nombre del editor, distribuidor, etc. Tecnos,
Fecha de publicación, distribución, etc. 1969.
300 ## - DESCRIPCIÓN FÍSICA
Extensión 373 p. :
Otras características físicas il. ;
Dimensiones 23 cm.
700 1# - ENTRADA AGREGADA--NOMBRE PERSONAL
Nombre de persona Wiener, N.
9 (RLIN) 116770
700 1# - ENTRADA AGREGADA--NOMBRE PERSONAL
Nombre de persona Schadé, J. P.
9 (RLIN) 104175
700 1# - ENTRADA AGREGADA--NOMBRE PERSONAL
Nombre de persona Sánchez de Zavala, Víctor,
Fechas asociadas al nombre 1926-1996
9 (RLIN) 102601
852 ## - LOCALIZACIÓN
Ubicación ES-MaACL
Número de control de estantería C-37888
Sublocalización o colección R.72099
Holdings
Estatus retirado Estado de pérdida Estado de daño No para préstamo Biblioteca de origen Biblioteca actual Ubicación en estantería Fecha de adquisición Fuente de adquisición Total de préstamos Signatura topográfica completa Código de barras Visto por última vez Precio de reemplazo Tipo de ítem Koha
        Biblioteca del Ateneo de Madrid Biblioteca del Ateneo de Madrid Depósito 2 17/01/2008     C-37888 1114468 23/02/2023 23/02/2023 Libro impreso